Fr. Conceicao Rodrigues College of Engineering

Mechatronics system design (Record no. 29244)

MARC details
000 -LEADER
fixed length control field 00239nam a2200121Ia 4500
100 ## - MAIN ENTRY--PERSONAL NAME
Personal name #N/A
245 ## - TITLE STATEMENT
Title Mechatronics system design
260 ## - PUBLICATION, DISTRIBUTION, ETC.
Name of publisher, distributor, etc. #N/A
546 ## - LANGUAGE NOTE
Language note ENGLISH
650 ## - SUBJECT ADDED ENTRY--TOPICAL TERM
Topical term or geographic name entry element Elctronics
654 ## - SUBJECT ADDED ENTRY--FACETED TOPICAL TERMS
Focus term mechatronics
942 ## - ADDED ENTRY ELEMENTS (KOHA)
Koha item type BOOK
Holdings
Withdrawn status Lost status Damaged status Not for loan Collection Home library Current library Date acquired Total Checkouts Full call number Barcode Date last seen Price effective from Koha item type
        CD Fr. Agnel's C.Rodrigues College of Engineering Fr. Agnel's C.Rodrigues College of Engineering 17/03/2023   CD1726 17/03/2023 17/03/2023 BOOK
        CD Fr. Agnel's C.Rodrigues College of Engineering Fr. Agnel's C.Rodrigues College of Engineering 17/03/2023   CD1727 17/03/2023 17/03/2023 BOOK
        CD Fr. Agnel's C.Rodrigues College of Engineering Fr. Agnel's C.Rodrigues College of Engineering 17/03/2023   CD1728 17/03/2023 17/03/2023 BOOK
        CD Fr. Agnel's C.Rodrigues College of Engineering Fr. Agnel's C.Rodrigues College of Engineering 17/03/2023   CD1729 17/03/2023 17/03/2023 BOOK
        CD Fr. Agnel's C.Rodrigues College of Engineering Fr. Agnel's C.Rodrigues College of Engineering 17/03/2023   CD1730 17/03/2023 17/03/2023 BOOK